| 000 | 00962nam a22003137a 4500 | ||
|---|---|---|---|
| 003 | CHAP | ||
| 005 | 20220329133538.0 | ||
| 008 | 971013s1979 r 00010 d | ||
| 010 | _a7684 | ||
| 011 | _a8656 | ||
| 035 | _a7885 | ||
| 040 | _cCHAP | ||
| 082 |
_a576 _bC3Y 1977 |
||
| 100 | 0 | 0 |
_aCarpenter, Philip L. _919280 |
| 245 | _aMicrobiología | ||
| 260 |
_aMéxico, D. F. : _bInteramericana, _c1979 |
||
| 300 |
_a518 p. _b: ilus |
||
| 500 | _aTrad. de : Microbiology, 4 ed. en inglés de 1977 | ||
| 590 |
_aBATCH-UPD _b10 _c20130110 _lUCH01 _h0259 |
||
| 590 |
_aBATCH-UPD _b10 _c20130110 _lUCH01 _h1826 |
||
| 590 |
_aBATCH-UPD _b10 _c20130410 _lUCH01 _h1345 |
||
| 590 |
_aBATCH-UPD _b10 _c20130914 _lUCH01 _h0851 |
||
| 590 |
_aCONVERSION _b10 _c20130109 _lUCH01 _h1305 |
||
| 650 | 1 | 4 |
_aMicrobiología. _975490 |
| 650 | 1 | 4 |
_aMicroorganismos. _975519 |
| 901 | _aBK | ||
| 942 | _cLIBRO | ||
| 949 |
_a576 C3Y 1977 _bBC _cLIBRO _d33724000749545 _eLIBRO _h84002 _i7885 _mD _sm |
||
| 999 |
_c7684 _d7684 |
||